LEADER 03028nam 2200745 450 001 9910686491203321 005 20230515160540.0 010 $a3-8394-6567-2 024 7 $a10.1515/9783839465677 035 $a(CKB)5680000000305745 035 $a(NjHacI)995680000000305745 035 $a(DE-B1597)642375 035 $a(DE-B1597)9783839465677 035 $a(MiAaPQ)EBC7234037 035 $a(Au-PeEL)EBL7234037 035 $a(OCoLC)1378176787 035 $a(EXLCZ)995680000000305745 100 $a20230515d2023 uy 0 101 0 $ager 135 $aur||||||||||| 181 $ctxt$2rdacontent 182 $cc$2rdamedia 183 $acr$2rdacarrier 200 10$aPostmoderne Bildparodien $eSigmar Polke und das Potential parodistischer Interventionen /$fJohanna Hornauer 205 $aFirst edition. 210 1$aBielefeld :$ctranscript Verlag,$d[2023] 210 4$d©2023 215 $a1 online resource (320 pages) $cillustrations 225 1 $aImage 311 $a3-8376-6567-4 327 $tFrontmatter -- $tInhalt -- $tDanksagung -- $t1. Einleitung -- $t2. Forschungsstand zur Parodie -- $t3. Drei Thesen -- $t4. Bildparodie als Verweisungsspiel -- $t5. Bildparodie als Gedächtnisarbeit -- $t6. Bildparodie als Reflexionsfigur -- $t7. Rückblick und Ausblick -- $tLiteraturverzeichnis -- $tAbbildungen 330 $aDie gesellschaftliche Relevanz visueller Kommunikation nimmt immer weiter zu. Postmoderne Bildparodien sind Teil dieser Kultur. Dabei erscho?pfen sie sich nicht im Aspekt des Komischen. Johanna Hornauer erla?utert am Beispiel ausgewa?hlter Werke von Sigmar Polke, dass Bildparodien eine kritische Auseinandersetzung mit Geschichte als autoritativer Instanz darstellen. Ihre Untersuchung von postmodernen Bildparodien als a?sthetischer Praxis und Intervention in bestehende (Herrschafts-)Diskurse entwickelt neue Analysestrategien und fo?rdert damit unter medienkritischer Perspektive ein generelles »Lesenlernen« von Bildern, das im Museum ebenso nu?tzlich ist wie auf Social Media. 410 0$aImage (Transcript (Firm)) 606 $aImage processing 610 $a20th Century. 610 $aAesthetics. 610 $aArt History of the 20th Century. 610 $aArt. 610 $aCultural Studies. 610 $aCulture. 610 $aDiscourse. 610 $aEuropean Art. 610 $aFine Arts. 610 $aImage Theory. 610 $aImage. 610 $aIntervention. 610 $aMedia. 610 $aMemory Work. 610 $aMyth Criticism. 610 $aMyth. 610 $aPalimpsest. 610 $aPolitics. 610 $aPostmodernism. 610 $aPower Relations. 610 $aVisual Communication. 610 $aVisual Studies. 615 0$aImage processing. 676 $a621.367 700 $aHornauer$b Johanna$01354847 801 0$bNjHacI 801 1$bNjHacl 906 $aBOOK 912 $a9910686491203321 996 $aPostmoderne Bildparodien$93358453 997 $aUNINA LEADER 05833nam 2200685 450 001 9910809079203321 005 20200520144314.0 010 $a1-118-72688-X 010 $a1-118-72689-8 035 $a(CKB)2550000001165660 035 $a(EBL)1568422 035 $a(OCoLC)865331151 035 $a(SSID)ssj0001060190 035 $a(PQKBManifestationID)11668652 035 $a(PQKBTitleCode)TC0001060190 035 $a(PQKBWorkID)11086722 035 $a(PQKB)10272967 035 $a(DLC) 2013038005 035 $a(Au-PeEL)EBL1568422 035 $a(CaPaEBR)ebr10809713 035 $a(CaONFJC)MIL546928 035 $a(OCoLC)858672989 035 $a(CaSebORM)9781118726884 035 $a(MiAaPQ)EBC1568422 035 $a(EXLCZ)992550000001165660 100 $a20131210d2014 uy 0 101 0 $aeng 135 $aur|n|---||||| 181 $ctxt 182 $cc 183 $acr 200 14$aThe power of understanding people $ethe key to strengthening relationships, increasing sales, and enhancing organizational performance /$fDave Mitchell 205 $a1st edition 210 1$aHoboken, New Jersey :$cWiley,$d2014. 210 4$d©2014 215 $a1 online resource (210 p.) 300 $aIncludes index. 311 $a1-118-72683-9 311 $a1-306-15677-7 327 $aThe Power of Understanding People: The Key to Strengthening Relationships, Increasing Sales, and Enhancing Organizational Performance; Contents; Preface; Introduction: We Are All Delusional!; Sociocultural Schemas; Interactive Styles; Hollywood Style!; A Disclaimer; The Assessment; Chapter 1: Understanding Romantics and Warriors: It's Feelings versus Logic for These Styles; Romantics; Warriors; Chapter 2: Understanding Experts and Masterminds: Tried and True Contrasted with Possibilities; Experts; Masterminds; Chapter 3: The 12 Interactive Combinations-Hollywood Style!; The Best Friend 327 $aThe Love InterestThe Crusader; The Hired Gun; The Sage; The Power Broker; The Voice of Reason; The Specialist; The Detective; The Eccentric; The Social Reformer; The Adventurer; Chapter 4: Recognizing Each Style: The Behavioral Cues That Might Indicate Another Person's Style; How Do I Recognize Romantics and Warriors?; How Do I Recognize Experts and Masterminds; Chapter 5: Leading Each Style: Creating a High- Performing Culture by Understanding Interactive Style; Coaching and Counseling by Style; Progressive Counseling; Things to Consider When Counseling Each Style 327 $aChapter 6: Selling to Each Style: You Can Expand Your Market Share by Adjusting to Your Consumer's Interactive StyleEstablish Rapport; Framing Tips; Common Objections; Handling Objection Model; Chapter 7: Providing Customer Service to Each Style: The Key to High Customer Satisfaction Results Is Adjusting to the Customer's Style; Behavior Breeds Behavior; You Can Choose Your Behavior; Positive Behavior Overcomes Negative Behavior; Interact with People the Way They Prefer; Serving the Romantic; Serving the Warrior; Serving the Expert; Serving the Mastermind; LAST Model of Service Recovery 327 $aChapter 8: Personal Relationships and Interactive Style: Better Understand Family and Friends and Enhance Your MarriageConflict Resolution; A Model for Conflict Resolution; Conclusion: The Unusual Goal of an Educator; Index 330 $a"How to build lasting connections through meaningful communication Developing successful relationships is critical to our success in both our personal and professional lives. The Power of Understanding People shows you how to establish and develop extremely effective relationships by providing you with techniques to better identify and understand the intrinsic needs of others. As a result, you will achieve better team dynamics, increased sales and client satisfaction, higher levels of employee engagement and performance, and even more satisfying marriages and friendships. This book provides the tools to understand others' unique communication style as well as your own. Get detailed advice on how to adjust to diverse communication styles, develop a unifying language for the organization, and better match motivational techniques to team members. Through storytelling and experiential exercises, author Dave Mitchell helps you gain insight into your own unique interaction style and teaches you how to communicate, motivate, sell, and service more successfully no matter the personality types involved. Offers insight into the behavior cues and questions to ask to better understand someone's interactive preferences Explains how to enhance your sales efforts by better targeting your brand message to the client's style so that your products/services resonate with them more Examines strategies for creating a high performing work environment and achieve greater customer service excellence Contains conflict resolution strategies, including how to effectively work out differences within a team, between work units, with customers, and even in your personal life Armed with the ability to interpret the behavior of the people around you, you will achieve greater levels of success at work and at home while also learning how to better handle the difficult situations involving people in your life"--$cProvided by publisher. 606 $aCustomer relations 606 $aCustomer services 606 $aInterpersonal relations 615 0$aCustomer relations. 615 0$aCustomer services. 615 0$aInterpersonal relations. 676 $a650.1/3 686 $aBUS007000$2bisacsh 700 $aMitchell$b Dave$f1961-$01718452 801 0$bMiAaPQ 801 1$bMiAaPQ 801 2$bMiAaPQ 906 $aBOOK 912 $a9910809079203321 996 $aThe power of understanding people$94115437 997 $aUNINA